[Event "CAN-ch"]
[Site "Montreal"]
[Date "2012.08.07"]
[Round "5"]
[White "Oussedik, Elias"]
[Black "Carrier, Claude"]
[Result "0-1"]
[WhiteElo "2005"]
[BlackElo "2154"]
[PlyCount "76"]
[EventDate "2012.08.04"]
[EventType "swiss"]
[EventRounds "9"]
[EventCountry "CAN"]
[SourceTitle "CBM 149 Extra"]
[Source "ChessBase"]
[SourceDate "2012.08.24"]
[SourceVersion "1"]
[SourceVersionDate "2012.08.24"]
[SourceQuality "1"]

1. Nf3 d5 2. c4 d4 3. g3 c5 4. Bg2 Nc6 5. 0-0 e5 6. d3 Nf6 7. e3 Be7 8. exd4 exd4 9. Bg5 0-0 10. Na3 Bf5 11. Bxf6 Bxf6 12. Nc2 Re8 13. a3 Qb6 14. Rb1 Qb3 15. Nfe1 Ne5 16. f4 Nxd3 17. Rf3 Rxe1+ 18. Nxe1 Qxd1 19. Rxd1 Nxb2 20. Ra1 d3 21. Rf1 Nxc4 22. Ra2 Ne3 23. Rff2 Nxg2 24. Kxg2 c4 25. Kf3 c3 26. g4 d2 27. Rfxd2 cxd2 28. Rxd2 Bc3 29. Rd1 Bxe1 30. Rxe1 Bd7 31. f5 Bc6+ 32. Kf4 f6 33. Kg3 Re8 34. Rg1 Re3+ 35. Kh4 g5+ 36. fxg6 hxg6 37. Rd1 g5+ 38. Kh5 Be8+ 0-1

[Event "CAN-ch"]
[Site "Montreal"]
[Date "2012.08.05"]
[Round "3"]
[White "Upper, John"]
[Black "Carrier, Claude"]
[Result "1/2-1/2"]
[WhiteElo "2036"]
[BlackElo "2154"]
[PlyCount "57"]
[EventDate "2012.08.04"]
[EventType "swiss"]
[EventRounds "9"]
[EventCountry "CAN"]
[SourceTitle "CBM 149 Extra"]
[Source "ChessBase"]
[SourceDate "2012.08.24"]
[SourceVersion "1"]
[SourceVersionDate "2012.08.24"]
[SourceQuality "1"]

1. d4 Nf6 2. c4 g6 3. Nc3 d5 4. Nf3 Bg7 5. Qb3 dxc4 6. Qxc4 0-0 7. e4 a6 8. Be2 b5 9. Qb3 Nfd7 10. Be3 Nb6 11. 0-0 Nc6 12. Rad1 Na5 13. Qc2 Nac4 14. Bc1 Bb7 15. Rfe1 Qc8 16. b4 e5 17. dxe5 Nxe5 18. Nxe5 Bxe5 19. Nd5 Nxd5 20. exd5 Re8 21. Be3 Qd7 22. Bc5 Rad8 23. Bd3 f6 24. Qb3 Qf7 25. g3 Bd6 26. Re3 Rxe3 27. fxe3 Qe7 28. Kg2 Kg7 29. Rc1 1/2-1/2

[Event "CAN-ch"]
[Site "Montreal"]
[Date "2012.08.04"]
[Round "1"]
[White "Sambuev, Bator"]
[Black "Carrier, Claude"]
[Result "1-0"]
[WhiteElo "2523"]
[BlackElo "2154"]
[PlyCount "59"]
[EventDate "2012.08.04"]
[EventType "swiss"]
[EventRounds "9"]
[EventCountry "CAN"]
[SourceTitle "CBM 149 Extra"]
[Source "ChessBase"]
[SourceDate "2012.08.24"]
[SourceVersion "1"]
[SourceVersionDate "2012.08.24"]
[SourceQuality "1"]

1. d4 Nf6 2. Nf3 g6 3. c4 Bg7 4. Nc3 d5 5. cxd5 Nxd5 6. e4 Nxc3 7. bxc3 c5 8. Bb5+ Nc6 9. 0-0 0-0 10. d5 a6 11. Be2 Ne5 12. Nxe5 Bxe5 13. Be3 Bxc3 14. Rc1 Bd4 15. Bxd4 cxd4 16. Qxd4 Bd7 17. Rfd1 Qa5 18. h4 Ba4 19. Re1 Rac8 20. h5 b6 21. h6 f6 22. Bg4 Rc5 23. Be6+ Kh8 24. e5 Be8 25. exf6 Rxf6 26. d6 Qa4 27. Bc4 Rcf5 28. Rxe7 Bd7 29. Rf7 Rf4 30. Rf8# 1-0

[Event "Quebec op"]
[Site "Montreal"]
[Date "2012.07.26"]
[Round "7"]
[White "Carrier, Claude"]
[Black "Zhang, Yuanchen"]
[Result "1-0"]
[WhiteElo "2197"]
[BlackElo "1987"]
[PlyCount "85"]
[EventDate "2012.07.21"]
[EventType "swiss"]
[EventRounds "9"]
[EventCountry "CAN"]
[SourceTitle "EXT 2022"]
[Source "ChessBase"]
[SourceDate "2021.10.06"]
[SourceVersion "1"]
[SourceVersionDate "2021.10.06"]
[SourceQuality "1"]

1. e4 c5 2. Nf3 e6 3. d4 cxd4 4. Nxd4 Nf6 5. Nc3 Nc6 6. Ndb5 Bb4 7. Bg5 Qa5 8. Bxf6 gxf6 9. a3 Bxc3+ 10. Nxc3 Rg8 11. f4 Qb6 12. Qd2 a6 13. 0-0-0 Qc5 14. e5 fxe5 15. Ne4 Qe7 16. fxe5 Nxe5 17. Qf4 Ng4 18. g3 e5 19. Qf3 d5 20. Rxd5 Be6 21. Rd1 Rg6 22. Be2 Nf6 23. Nd6+ Kf8 24. Bc4 Bxc4 25. Nxc4 Rc8 26. Nd6 Rc6 27. Nf5 Qc7 28. Rd2 e4 29. Qb3 Rc5 30. g4 Ne8 31. Rhd1 Rb6 32. Qa4 Qe5 33. c3 Rbc6 34. Kb1 Rb5 35. Nd4 Rcc5 36. Nxb5 Rxb5 37. Rd4 Nf6 38. g5 Nd5 39. Qc2 e3 40. Qd3 e2 41. Re1 Nf4 42. Qxh7 Ng2 43. Rxe2 1-0

[Event "Quebec op"]
[Site "Montreal"]
[Date "2012.07.22"]
[Round "2"]
[White "Galbadrakh, Enkh Amar"]
[Black "Carrier, Claude"]
[Result "1/2-1/2"]
[WhiteElo "2105"]
[BlackElo "2197"]
[PlyCount "140"]
[EventDate "2012.07.21"]
[EventType "swiss"]
[EventRounds "9"]
[EventCountry "CAN"]
[SourceTitle "EXT 2022"]
[Source "ChessBase"]
[SourceDate "2021.10.06"]
[SourceVersion "1"]
[SourceVersionDate "2021.10.06"]
[SourceQuality "1"]

1. Nf3 c5 2. c4 Nf6 3. g3 e6 4. Bg2 d5 5. 0-0 Nc6 6. cxd5 exd5 7. d4 Be7 8. Nc3 0-0 9. a3 Bg4 10. dxc5 Bxc5 11. b4 Bb6 12. Bg5 Be6 13. Na4 Bc7 14. Nc5 b6 15. Nxe6 fxe6 16. Rc1 Ne5 17. Nd4 Re8 18. Bh3 Kf7 19. f4 Nc4 20. Nc6 Qd7 21. Qa4 a6 22. Bxf6 Kxf6 23. Rxc4 b5 24. Ne5 Bxe5 25. fxe5+ Kxe5 26. Re4+ dxe4 27. Qb3 Qd5 28. Qb1 Qd4+ 29. Kh1 Rf8 30. Rd1 Qc3 31. Bg2 Kf6 32. Qxe4 Rad8 33. Rg1 g6 34. Qb7 Ke5 35. Qxa6 Rf2 36. Qxb5+ Kf6 37. a4 Kg7 38. Qb7+ Rf7 39. Qe4 Rb8 40. b5 Rf6 41. Rd1 Rd8 42. Rb1 e5 43. Bf3 Rd4 44. Qb7+ Rf7 45. Qa8 Qc2 46. Rg1 e4 47. Qb8 Rd5 48. Bg2 Qxa4 49. Qe8 Qxb5 50. Qxb5 Rxb5 51. Bxe4 Re5 52. Bf3 g5 53. Rb1 Kg6 54. Kg2 Rf6 55. g4 h6 56. Rb4 Kf7 57. Kg3 Rc5 58. h4 gxh4+ 59. Kxh4 Re5 60. Rb7+ Kg6 61. Rb4 Rfe6 62. Rb2 Re3 63. Ra2 Kf6 64. Kh5 Ke7 65. Ra7+ Kd6 66. Ra6+ Kc5 67. Ra5+ Kb4 68. Rd5 Kc3 69. Rd8 R3e5+ 70. Kh4 Kc4 1/2-1/2

[Event "St Jean op"]
[Site "St Jean sur Richelieu"]
[Date "2012.06.10"]
[Round "4"]
[White "Chiffot, Nicolas"]
[Black "Carrier, Claude"]
[Result "0-1"]
[WhiteElo "2248"]
[BlackElo "2268"]
[PlyCount "70"]
[EventDate "2012.06.08"]
[EventType "swiss"]
[EventRounds "5"]
[EventCountry "CAN"]
[SourceTitle "EXT 2022"]
[Source "ChessBase"]
[SourceDate "2021.10.06"]
[SourceVersion "1"]
[SourceVersionDate "2021.10.06"]
[SourceQuality "1"]

1. d4 Nf6 2. c4 g6 3. g3 d5 4. cxd5 Nxd5 5. Bg2 Nb6 6. e4 Bg7 7. Ne2 0-0 8. 0-0 Nc6 9. d5 Na5 10. Nbc3 e6 11. b3 exd5 12. exd5 c6 13. Ba3 Re8 14. d6 Bg4 15. f3 Be6 16. Rc1 Nd7 17. Nd4 Qb6 18. Nce2 c5 19. Nxe6 Rxe6 20. Kh1 Rxd6 21. Qc2 Rc8 22. b4 Qc7 23. bxa5 Qxa5 24. Bb2 Rd2 25. Qe4 Rxb2 26. Bh3 Qxa2 27. Bxd7 Rxe2 28. Qh4 Bf6 29. Qh6 Rd8 30. Bb5 Bg5 31. Qh3 Rb2 32. Bc4 Qa4 33. Bxf7+ Kxf7 34. Qxh7+ Kf6 35. Rce1 Qd7 0-1

[Event "Montreal McGill op"]
[Site "Montreal"]
[Date "2012.05.12"]
[Round "2"]
[White "Carrier, Claude"]
[Black "Kraiouchkine, Nikita"]
[Result "1-0"]
[WhiteElo "2154"]
[BlackElo "2352"]
[PlyCount "87"]
[EventDate "2012.05.??"]
[EventType "swiss"]
[EventRounds "5"]
[EventCountry "CAN"]
[SourceTitle "EXT 2022"]
[Source "ChessBase"]
[SourceDate "2021.10.06"]
[SourceVersion "1"]
[SourceVersionDate "2021.10.06"]
[SourceQuality "1"]

1. e4 e5 2. Nf3 Nc6 3. Bb5 a6 4. Ba4 Nf6 5. 0-0 b5 6. Bb3 Be7 7. Re1 0-0 8. h3 d6 9. c3 Na5 10. Bc2 c5 11. d4 Qc7 12. Nbd2 Nc6 13. d5 Nd8 14. a4 Rb8 15. axb5 axb5 16. c4 Bd7 17. cxb5 Bxb5 18. b3 Nb7 19. Nc4 Ra8 20. Bg5 h6 21. Bh4 g5 22. Bg3 Nd7 23. Ne3 Rxa1 24. Qxa1 Nb6 25. Nf5 Ra8 26. Qc1 Kh7 27. h4 f6 28. Nh2 c4 29. Ng4 cxb3 30. Bxb3 Nc5 31. Ngxh6 Rc8 32. Qd1 Be8 33. Nxe7 Qxe7 34. Nf5 Qd8 35. hxg5 fxg5 36. Re3 Bg6 37. Qg4 Rc7 38. Bxe5 dxe5 39. Qh3+ Kg8 40. d6+ Rf7 41. Nh6+ Kg7 42. Bxf7 Bxf7 43. Nf5+ Kg8 44. Qh6 1-0

[Event "Montreal Transcontinental 7 A"]
[Site "Montreal"]
[Date "2012.05.06"]
[Round "5"]
[White "Caceres Cortes, Julio"]
[Black "Carrier, Claude"]
[Result "1/2-1/2"]
[WhiteElo "2005"]
[BlackElo "2177"]
[PlyCount "89"]
[EventDate "2012.05.04"]
[EventType "tourn"]
[EventRounds "5"]
[EventCountry "CAN"]
[SourceTitle "EXT 2022"]
[Source "ChessBase"]
[SourceDate "2021.10.06"]
[SourceVersion "1"]
[SourceVersionDate "2021.10.06"]
[SourceQuality "1"]

1. e4 c5 2. Nf3 e6 3. d4 cxd4 4. Nxd4 Nf6 5. Nc3 d6 6. Bg5 h6 7. Bh4 Be7 8. Ndb5 a6 9. Bxf6 gxf6 10. Nd4 Nc6 11. Qd2 Qa5 12. 0-0-0 Nxd4 13. Qxd4 b5 14. a3 Bb7 15. Be2 e5 16. Qd2 f5 17. Kb1 fxe4 18. Rhg1 0-0-0 19. Bg4+ Kb8 20. Nxe4 Qxd2 21. Nxd2 d5 22. Nf3 f6 23. Nh4 Bc5 24. Rgf1 d4 25. f3 Bc8 26. Nf5 h5 27. Bh3 Rhg8 28. b4 Bf8 29. f4 Bxf5 30. Bxf5 Rxg2 31. fxe5 fxe5 32. Be4 Re2 33. Bd3 Re3 34. Rf6 e4 35. Bf1 Rxa3 36. Bg2 Bxb4 37. Kb2 Re3 38. Rxa6 Kb7 39. Re6 Bc3+ 40. Kb3 Bd2+ 41. Kb2 Bc3+ 42. Kb3 Kc7 43. Rxe4 Rxe4 44. Bxe4 Kd6 45. Rg1 1/2-1/2

[Event "Quebec op"]
[Site "Montreal"]
[Date "2011.07.30"]
[Round "9"]
[White "Carrier, Claude"]
[Black "Dumont, Felix"]
[Result "1-0"]
[WhiteElo "1985"]
[BlackElo "2007"]
[PlyCount "95"]
[EventDate "2011.07.23"]
[EventType "swiss"]
[EventRounds "9"]
[EventCountry "CAN"]
[SourceTitle "EXT 2022"]
[Source "ChessBase"]
[SourceDate "2021.10.06"]
[SourceVersion "1"]
[SourceVersionDate "2021.10.06"]
[SourceQuality "1"]

1. e4 c5 2. Nf3 d6 3. d4 cxd4 4. Nxd4 Nf6 5. Nc3 Nc6 6. f3 e5 7. Nb3 Be7 8. Be3 0-0 9. Qd2 Be6 10. Nd5 Bxd5 11. exd5 Nb8 12. Be2 Nbd7 13. c4 Nh5 14. 0-0 f5 15. f4 Nhf6 16. fxe5 Ne4 17. Qe1 dxe5 18. Bd3 Nb6 19. Bxe4 fxe4 20. Nd2 Rc8 21. Rxf8+ Bxf8 22. Qf1 Na4 23. b3 Bc5 24. Qf2 Qb6 25. Bxc5 Nxc5 26. Rf1 h6 27. Kh1 Qa5 28. Qf7+ Kh8 29. Qf5 Re8 30. Nxe4 Nxe4 31. Qxe4 Qxa2 32. b4 a5 33. bxa5 Qxa5 34. h3 Qc5 35. Qg6 Ra8 36. d6 e4 37. d7 Qxc4 38. Qe8+ Kh7 39. Re1 Qb4 40. Rd1 Qa4 41. Qh5 Rd8 42. Qf5+ Kh8 43. Rd6 Qa1+ 44. Kh2 e3 45. Re6 Qa4 46. Re7 e2 47. Qe5 Rg8 48. d8Q 1-0

[Event "Quebec op"]
[Site "Montreal"]
[Date "2011.07.29"]
[Round "8"]
[White "Lebeau, Gilbert"]
[Black "Carrier, Claude"]
[Result "0-1"]
[WhiteElo "2052"]
[BlackElo "1985"]
[PlyCount "46"]
[EventDate "2011.07.23"]
[EventType "swiss"]
[EventRounds "9"]
[EventCountry "CAN"]
[SourceTitle "EXT 2022"]
[Source "ChessBase"]
[SourceDate "2021.10.06"]
[SourceVersion "1"]
[SourceVersionDate "2021.10.06"]
[SourceQuality "1"]

1. d4 Nf6 2. Nf3 d5 3. c4 g6 4. Nc3 Bg7 5. g3 0-0 6. Bg2 c5 7. cxd5 Nxd5 8. e4 Nxc3 9. bxc3 Nc6 10. Be3 Qa5 11. Qd2 Rd8 12. Rd1 Bg4 13. h3 cxd4 14. cxd4 Qxd2+ 15. Rxd2 Bxf3 16. Bxf3 Bxd4 17. Rc2 Bxe3 18. fxe3 Ne5 19. Kf2 Rac8 20. Re2 b5 21. Rb1 b4 22. Kg2 a5 23. Reb2 Rc3 0-1

[Event "Quebec op"]
[Site "Montreal"]
[Date "2011.07.25"]
[Round "4"]
[White "Carrier, Claude"]
[Black "Tremblay, Alain"]
[Result "1/2-1/2"]
[WhiteElo "1985"]
[BlackElo "2113"]
[PlyCount "72"]
[EventDate "2011.07.23"]
[EventType "swiss"]
[EventRounds "9"]
[EventCountry "CAN"]
[SourceTitle "EXT 2022"]
[Source "ChessBase"]
[SourceDate "2021.10.06"]
[SourceVersion "1"]
[SourceVersionDate "2021.10.06"]
[SourceQuality "1"]

1. e4 d6 2. d4 Nf6 3. Nc3 Nbd7 4. f4 e5 5. Nf3 exd4 6. Nxd4 Nc5 7. Bd3 c6 8. 0-0 Be7 9. Kh1 0-0 10. f5 Nfd7 11. Nb3 Nxb3 12. axb3 Ne5 13. Be3 b6 14. Ba6 Bxa6 15. Rxa6 Qc8 16. Qa1 Qb7 17. Qa4 d5 18. Ra1 Qc7 19. exd5 Qd6 20. Rxa7 Rxa7 21. Qxa7 Ng4 22. Bg1 Bf6 23. Ne4 Qxd5 24. Nxf6+ Nxf6 25. Qxb6 h5 26. Qc5 Qe4 27. Ra6 Rc8 28. Ra4 Qe1 29. Qe3 Qd1 30. Qd3 Qc1 31. h3 Re8 32. Kh2 Re1 33. Ra8+ Kh7 34. Qd8 Re8 35. Qa5 Re1 36. Qd8 Re8 1/2-1/2

[Event "Quebec op"]
[Site "Montreal"]
[Date "2011.07.24"]
[Round "2"]
[White "Libersan, Thierry"]
[Black "Carrier, Claude"]
[Result "0-1"]
[WhiteElo "2141"]
[BlackElo "1985"]
[PlyCount "100"]
[EventDate "2011.07.23"]
[EventType "swiss"]
[EventRounds "9"]
[EventCountry "CAN"]
[SourceTitle "EXT 2022"]
[Source "ChessBase"]
[SourceDate "2021.10.06"]
[SourceVersion "1"]
[SourceVersionDate "2021.10.06"]
[SourceQuality "1"]

1. e4 c5 2. Nf3 e6 3. d4 a6 4. c4 cxd4 5. Nxd4 d6 6. Nc3 Nf6 7. Be2 Be7 8. 0-0 0-0 9. Be3 b6 10. Rc1 Bb7 11. f3 Nbd7 12. Qd2 Re8 13. Rfd1 Rc8 14. b3 Qc7 15. Bf1 Qb8 16. Kh1 Ne5 17. Bg1 Ng6 18. h3 Rcd8 19. Bh2 Nh5 20. b4 h6 21. Qf2 Bg5 22. Rc2 Bh4 23. g3 Be7 24. a3 Nf6 25. Bg2 Ba8 26. Bg1 Ne5 27. Qe2 d5 28. cxd5 exd5 29. Qxa6 dxe4 30. fxe4 Rd7 31. Qf1 Ra7 32. Ndb5 Rd7 33. Nd5 Nxd5 34. exd5 Red8 35. Rcd2 Bg5 36. Rd4 Bf6 37. R4d2 Bg5 38. Rd4 Bf6 39. d6 Nc6 40. Rc4 Na7 41. Nc7 Bxg2+ 42. Qxg2 Nc8 43. Nb5 Nxd6 44. Nxd6 Rxd6 45. Rxd6 Rxd6 46. a4 Rd3 47. Bf2 Qe8 48. Qc6 Qe2 49. Qa8+ Rd8 50. Rc8 Qf1+ 0-1

[Event "Quebec op"]
[Site "Montreal"]
[Date "2011.07.23"]
[Round "1.17"]
[White "Carrier, Claude"]
[Black "Luksza, Arkadiusz"]
[Result "1-0"]
[WhiteElo "1985"]
[BlackElo "2197"]
[PlyCount "131"]
[EventDate "2011.07.23"]
[EventType "swiss"]
[EventRounds "9"]
[EventCountry "CAN"]
[SourceTitle "EXT 2022"]
[Source "ChessBase"]
[SourceDate "2021.10.06"]
[SourceVersion "1"]
[SourceVersionDate "2021.10.06"]
[SourceQuality "1"]

1. e4 c6 2. d4 d5 3. Nc3 dxe4 4. Nxe4 Bf5 5. Ng3 Bg6 6. Nf3 Nd7 7. h4 h6 8. h5 Bh7 9. Bd3 Bxd3 10. Qxd3 e6 11. Bd2 Ngf6 12. 0-0-0 Be7 13. Kb1 0-0 14. Qe2 Qc7 15. c4 Rfe8 16. Bc3 b5 17. c5 Nd5 18. Bd2 a5 19. Rhe1 a4 20. Ne5 Nxe5 21. Qxe5 Qxe5 22. Rxe5 Bf6 23. Re4 a3 24. b3 Bg5 25. Kc2 f5 26. Ree1 Bh4 27. Re2 Bf6 28. Bc1 Kf7 29. f4 b4 30. Rd3 Red8 31. Bd2 Rd7 32. Re1 Bh4 33. Rh1 Bxg3 34. Rxg3 Rb8 35. Re1 Nf6 36. Be3 Nxh5 37. Rh3 Nf6 38. Kd3 Ne4 39. Kc4 Nc3 40. Bd2 Nd5 41. Rg1 Rdb7 42. g4 Nf6 43. gxf5 exf5 44. Rhg3 Ng4 45. Re1 h5 46. Rg2 g6 47. Rge2 Nf6 48. Rg1 Nd5 49. Rge1 Rh8 50. Re6 Rc7 51. Rxc6 Rxc6 52. Kxd5 Rcc8 53. c6 Rhe8 54. Rxe8 Kxe8 55. Bxb4 h4 56. Be1 h3 57. Bg3 Kd8 58. Kd6 Ra8 59. b4 Ra4 60. Kc5 Ra7 61. d5 Re7 62. d6 Rh7 63. Bh2 Rf7 64. b5 g5 65. b6 Kc8 66. b7+ 1-0

[Event "Trois-Rivieres Mauricie op"]
[Site "Trois Rivieres"]
[Date "2011.03.19"]
[Round "3"]
[White "Johnson, Jesse Jr"]
[Black "Carrier, Claude"]
[Result "1/2-1/2"]
[WhiteElo "2084"]
[BlackElo "1941"]
[PlyCount "57"]
[EventDate "2011.03.18"]
[EventType "swiss"]
[EventRounds "5"]
[EventCountry "CAN"]
[SourceTitle "EXT 2022"]
[Source "ChessBase"]
[SourceDate "2021.10.06"]
[SourceVersion "1"]
[SourceVersionDate "2021.10.06"]
[SourceQuality "1"]

1. d4 Nf6 2. Bf4 g6 3. Nc3 d5 4. e3 Bg7 5. Nge2 0-0 6. Ng3 b6 7. Qd2 c5 8. 0-0-0 Bb7 9. f3 a6 10. h4 h5 11. Kb1 Nbd7 12. Rg1 b5 13. Nh1 b4 14. Ne2 a5 15. Nf2 c4 16. c3 Qb6 17. g4 bxc3 18. Nxc3 a4 19. a3 Rfe8 20. e4 dxe4 21. gxh5 Nxh5 22. Bxc4 e5 23. dxe5 Nxf4 24. Qxf4 Nxe5 25. Rd7 Qxf2 26. Rxg6 Qxf3 27. Bxf7+ Nxf7 28. Rxf7 Qxf4 29. Rgxg7+ 1/2-1/2

[Event "Quebec-ch opB"]
[Site "Montreal"]
[Date "2010.07.27"]
[Round "5"]
[White "Giroux, Robert"]
[Black "Carrier, Claude"]
[Result "1-0"]
[WhiteElo "2062"]
[BlackElo "1939"]
[PlyCount "95"]
[EventDate "2010.07.24"]
[EventType "swiss"]
[EventRounds "9"]
[EventCountry "CAN"]
[SourceTitle "EXT 2013"]
[Source "ChessBase"]
[SourceDate "2012.11.22"]
[SourceVersion "1"]
[SourceVersionDate "2012.11.22"]
[SourceQuality "1"]

1. d4 Nf6 2. c4 g6 3. g3 Bg7 4. Bg2 d5 5. cxd5 Nxd5 6. Nf3 0-0 7. 0-0 Nb6 8. Nc3 Nc6 9. Bf4 Nxd4 10. Nxd4 Bxd4 11. Nb5 e5 12. Nxd4 exf4 13. gxf4 Qh4 14. e3 Bh3 15. Qf3 Bxg2 16. Qxg2 c6 17. Kh1 Rad8 18. Nf3 Qf6 19. b3 Rd6 20. Rg1 Rfd8 21. Qh3 Qe6 22. Qxe6 Rxe6 23. Ng5 Red6 24. Ne4 Rd3 25. Rac1 f5 26. Nc3 Rd2 27. Rgd1 Kf7 28. Kg2 Ke6 29. Kf1 Rxd1+ 30. Rxd1 Rxd1+ 31. Nxd1 Nd5 32. Ke2 b5 33. a3 a5 34. Kd3 c5 35. f3 Kd6 36. a4 Nb4+ 37. Kc3 Nd5+ 38. Kd3 b4 39. Nb2 Nc7 40. Nc4+ Kd5 41. Nxa5 h6 42. h4 Kd6 43. Nc4+ Ke6 44. e4 Kf6 45. Nb6 fxe4+ 46. fxe4 Ne6 47. Nd5+ Kf7 48. a5 1-0

[Event "Quebec-ch opB"]
[Site "Montreal"]
[Date "2010.07.25"]
[Round "2"]
[White "Carrier, Claude"]
[Black "Le Duin, Thierry"]
[Result "0-1"]
[WhiteElo "1939"]
[BlackElo "2002"]
[PlyCount "84"]
[EventDate "2010.07.24"]
[EventType "swiss"]
[EventRounds "9"]
[EventCountry "CAN"]
[SourceTitle "EXT 2013"]
[Source "ChessBase"]
[SourceDate "2012.11.22"]
[SourceVersion "1"]
[SourceVersionDate "2012.11.22"]
[SourceQuality "1"]

1. e4 d5 2. exd5 Nf6 3. Bb5+ Bd7 4. Be2 Bf5 5. d4 Nxd5 6. Nf3 e6 7. a3 Be7 8. 0-0 0-0 9. c4 Nb6 10. Nc3 Bf6 11. Bf4 Nc6 12. Nb5 Rc8 13. Ne5 Bxe5 14. dxe5 Qh4 15. Bg3 Qg5 16. f4 Qe7 17. Bf2 Rfd8 18. Qe1 Rd7 19. Bf3 Bd3 20. Bxc6 bxc6 21. Nxa7 Ra8 22. Nxc6 Qf8 23. Qc3 Bxf1 24. Rxf1 Ra6 25. b4 Qa8 26. Na5 Qe4 27. b5 Ra8 28. Bxb6 cxb6 29. Nc6 Rd3 30. Qc2 Qe3+ 31. Kh1 Rdxa3 32. h3 Ra1 33. Rxa1 Rxa1+ 34. Kh2 Qxf4+ 35. g3 Qf1 36. Qg2 Qxg2+ 37. Kxg2 Rc1 38. Ne7+ Kf8 39. Nc8 Rxc4 40. Nxb6 Rb4 41. Nd7+ Ke8 42. Nc5 Rxb5 0-1

[Event "Gatineau Qualification CIQ"]
[Site "Gatineau"]
[Date "2009.03.31"]
[Round "4"]
[White "Carrier, Claude"]
[Black "Danilov, Alexandre"]
[Result "0-1"]
[WhiteElo "1939"]
[BlackElo "1903"]
[PlyCount "62"]
[EventDate "2009.03.10"]
[EventType "swiss"]
[EventRounds "5"]
[EventCountry "CAN"]
[SourceTitle "EXT 2010"]
[Source "ChessBase"]
[SourceDate "2010.11.25"]
[SourceVersion "1"]
[SourceVersionDate "2010.11.25"]
[SourceQuality "1"]

1. e4 c5 2. Nf3 Nc6 3. d4 cxd4 4. Nxd4 e6 5. Nc3 a6 6. Nxc6 bxc6 7. Bd3 Bb4 8. Bd2 d5 9. Qg4 Nf6 10. Qxg7 Rg8 11. Qh6 Rg6 12. Qf4 Rg4 13. Qf3 Bxc3 14. Bxc3 dxe4 15. Bxf6 exf3 16. Bxd8 fxg2 17. Rg1 Kxd8 18. f3 Rg5 19. Bxh7 f5 20. Rd1+ Ke7 21. Rd4 Rh5 22. Bg6 Rh6 23. Rxg2 Kf6 24. Be8 Ke7 25. Bxc6 Rb8 26. Rg7+ Kf6 27. Rc7 Rxh2 28. Rd8 Rxb2 29. Rcxc8 Rb1+ 30. Rd1 Rh1+ 31. Ke2 Rbxd1 0-1

[Event "Gatineau Qualification CIQ"]
[Site "Gatineau"]
[Date "2009.03.24"]
[Round "3"]
[White "Desjardins, Michel"]
[Black "Carrier, Claude"]
[Result "0-1"]
[WhiteElo "1989"]
[BlackElo "1938"]
[PlyCount "148"]
[EventDate "2009.03.10"]
[EventType "swiss"]
[EventRounds "5"]
[EventCountry "CAN"]
[SourceTitle "EXT 2010"]
[Source "ChessBase"]
[SourceDate "2010.11.25"]
[SourceVersion "1"]
[SourceVersionDate "2010.11.25"]
[SourceQuality "1"]

1. e4 c5 2. Nc3 e6 3. g3 d5 4. exd5 exd5 5. d4 Nf6 6. Bg2 Bg4 7. Nge2 Nc6 8. a3 Be6 9. 0-0 c4 10. Bg5 Be7 11. Nf4 Ng8 12. Bxe7 Ngxe7 13. Re1 Qd7 14. Ncxd5 0-0 15. Nxe7+ Nxe7 16. Nxe6 fxe6 17. c3 Rf6 18. Qe2 Rc8 19. Qe4 Nd5 20. h4 Ne7 21. Re2 Rc7 22. Rae1 Nc6 23. d5 exd5 24. Qxd5+ Kf8 25. Re8+ Qxe8 26. Rxe8+ Kxe8 27. Qg8+ Rf8 28. Qe6+ Kd8 29. Bh3 g6 30. g4 Ne7 31. Qd6+ Kc8 32. g5+ Kb8 33. b4 Rf3 34. Qd8+ Nc8 35. Bxc8 Rxc8 36. Qd5 Rcf8 37. Qxc4 Rxf2 38. a4 R2f4 39. Qd5 Rg4+ 40. Kh2 Rc8 41. Qe5+ Ka8 42. a5 Rxh4+ 43. Kg2 Rhc4 44. b5 R4c5 45. Qe4 Rxg5+ 46. Kh2 Rxb5 47. a6 Rb6 48. axb7+ Rxb7 49. c4 Kb8 50. Qe5+ Rbc7 51. Qb5+ Ka8 52. Qd5+ Rc6 53. Kg3 a6 54. Kg2 Ka7 55. Qd4+ Rc5 56. Kg3 a5 57. Kg2 Ka6 58. Qd6+ R5c6 59. Qd7 R8c7 60. Qd5 Rxc4 61. Qa8+ Kb5 62. Qd5+ Kb4 63. Qd2+ Rc3 64. Qb2+ Rb3 65. Qd2+ Rcc3 66. Qd4+ Ka3 67. Qd6+ Ka2 68. Qd5 a4 69. Kf2 Rc2+ 70. Ke1 Kb1 71. Qe4 Rbb2 72. Kd1 a3 73. Qd3 a2 74. Qe4 a1Q 0-1

[Event "Montreal Fete du travail"]
[Site "Montreal"]
[Date "2007.09.02"]
[Round "4"]
[White "Carrier, Claude"]
[Black "Gauthier, Denis"]
[Result "1/2-1/2"]
[WhiteElo "1928"]
[BlackElo "1980"]
[PlyCount "60"]
[EventDate "2007.09.01"]
[EventType "swiss"]
[EventRounds "5"]
[EventCountry "CAN"]
[SourceTitle "EXT 2022"]
[Source "ChessBase"]
[SourceDate "2021.10.06"]
[SourceVersion "1"]
[SourceVersionDate "2021.10.06"]
[SourceQuality "1"]

1. e4 d5 2. exd5 Nf6 3. Bb5+ Bd7 4. Be2 Bf5 5. d4 Nxd5 6. Nf3 e6 7. a3 Be7 8. c4 Nf6 9. 0-0 Bg4 10. h3 Bh5 11. Bf4 Nc6 12. Nc3 0-0 13. d5 exd5 14. cxd5 Nb8 15. Qb3 Qc8 16. g4 Bg6 17. Nb5 Na6 18. Rac1 Bc5 19. Nxc7 Nxc7 20. Rxc5 Nfxd5 21. Bxc7 Nxc7 22. Qc3 Qe8 23. Rxc7 Qxe2 24. Re1 Qb5 25. Ree7 Rad8 26. Nd4 Qd5 27. Ne6 Qd1+ 28. Kh2 Qd6+ 29. Kg1 Qd1+ 30. Kh2 Qd6+ 1/2-1/2

[Event "Montreal Pere Noel op"]
[Site "Montreal"]
[Date "2006.12.26"]
[Round "1"]
[White "Arsenault, Nicolas"]
[Black "Carrier, Claude"]
[Result "1/2-1/2"]
[WhiteElo "2146"]
[BlackElo "1971"]
[PlyCount "75"]
[EventDate "2006.12.26"]
[EventType "swiss"]
[EventRounds "5"]
[EventCountry "CAN"]
[SourceTitle "EXT 2008"]
[Source "ChessBase"]
[SourceDate "2007.11.25"]
[SourceVersion "1"]
[SourceVersionDate "2007.11.25"]
[SourceQuality "1"]

1. e4 c5 2. Nf3 e6 3. d4 cxd4 4. Nxd4 Nf6 5. Nc3 d6 6. Be3 a6 7. f3 b5 8. g4 Nfd7 9. Qd2 Bb7 10. 0-0-0 Nb6 11. Bd3 N8d7 12. Kb1 b4 13. Nce2 d5 14. exd5 Nxd5 15. Bg5 Qb6 16. Ka1 a5 17. Bb5 Be7 18. Bxe7 Kxe7 19. Bxd7 Kxd7 20. Rhe1 Rhd8 21. Qg5 g6 22. Nf4 Ke8 23. Nxd5 Bxd5 24. Qf6 Ra7 25. Re2 Bxf3 26. Qxf3 Rxd4 27. Red2 Rxd2 28. Rxd2 Rd7 29. Rxd7 Kxd7 30. Qxf7+ Kd6 31. Qf4+ Ke7 32. b3 Qc5 33. Kb1 g5 34. Qf1 Qd4 35. h3 e5 36. Qf5 Qd1+ 37. Kb2 Qd4+ 38. Kb1 1/2-1/2